Si jalak dan si mus

Bibliographic Details
Main Author: Baharuddin Adam
Format: Book
Published: Kuala Lumpur : Dewan Bahasa dan Pustaka , 2001
Series:Siri Bacaan KBSR 2
Subjects:

MARC

LEADER 00000cam a2200000 7i4500
001 0000075095
005 20220105104253.0
008 170816
020 |a 9836272208 
090 0 0 |a JP   |b MAL 
100 1 |a Baharuddin Adam 
245 1 0 |a Si jalak dan si mus   |c Baharuddin Adam 
260 |a Kuala Lumpur :   |b Dewan Bahasa dan Pustaka ,   |c 2001 
490 1 |a Siri Bacaan KBSR 2 
500 |a Children age 4-6 years old (yellow) 
650 0 |a Junior preschool   |x Malay   |x Languages 
999 |a 0000006727   |b Book   |c Children Collection   |e Cawangan Taman Universiti 
999 |a 0000006728   |b Book   |c Children Collection   |e Cawangan Taman Universiti 
999 |a 0000006730   |b Book   |c Children Collection   |e Cawangan Taman Universiti